Znalostní ekonomika z pohledu naplňování cílů Lasabonské strategie
Úvahy o prítomnosti znalostnej resp. novej ekonomiky v Európe res. Európskej únii. Vymedzenie pojmu znalostná ekonomika. Pokrok v naplňovaní dvoch cieľov Lisabonskej stratégie, ktoré so znalostnou ekonomikou súvisia. Prvky znalostnej ekonomiky v Európe.
Enregistré dans:
| Auteur principal: | |
|---|---|
| Format: | Chapitre de livre |
| Langue: | tchèque |
| Sujets: | |
| Tags: |
Pas de tags, Soyez le premier à ajouter un tag!
|
MARC
| LEADER | 00000naa$a2200000$$$4500 | ||
|---|---|---|---|
| 001 | 0073897 | ||
| 005 | 20231107110802.9 | ||
| 041 | 0 | |a cze | |
| 044 | |a CZ | ||
| 245 | 1 | 0 | |a Znalostní ekonomika z pohledu naplňování cílů Lasabonské strategie |c Zdeňka Hrnčárková |
| 520 | |a Úvahy o prítomnosti znalostnej resp. novej ekonomiky v Európe res. Európskej únii. Vymedzenie pojmu znalostná ekonomika. Pokrok v naplňovaní dvoch cieľov Lisabonskej stratégie, ktoré so znalostnou ekonomikou súvisia. Prvky znalostnej ekonomiky v Európe. | ||
| 610 | 2 | 0 | |a ekonomika vedomostná |
| 610 | 2 | 0 | |a ekonomika nová |
| 610 | 2 | 0 | |a Európska únia |
| 610 | 2 | 0 | |a definície |
| 610 | 2 | 0 | |a technológie informačné |
| 610 | 2 | 0 | |a technológie komunikačné |
| 100 | 1 | |a Hrnčárková, Zdeňka | |